| 000 | 00720cam a2200229 i 4500 | ||
|---|---|---|---|
| 003 | OSt | ||
| 005 | 20260601193901.0 | ||
| 008 | 260508b1974 enk||||| |||| 00| 0 eng d | ||
| 020 | _a0091212316 | ||
| 040 |
_aICI _bspa _cICI |
||
| 041 | _aeng | ||
| 050 |
_aHM751.B68 1974 _bB68 1974 |
||
| 100 |
_aBoulding, Kenneth E. _eautor _933975 |
||
| 245 |
_aMan-Made Futures / _cKenneth E. Boulding. |
||
| 250 | _a1a ed. | ||
| 260 |
_aLondon : _bHutchinson & Co., _c1974. |
||
| 300 | _a364 páginas : | ||
| 650 |
_aFuturo (Predicción y prospectiva) _xPlanificación social $v Estudios. _933976 |
||
| 650 |
_aDesarrollo tecnológico _xEfectos sociales. _933977 |
||
| 650 |
_aCambio social _vEstudios. _933978 |
||
| 942 |
_2lcc _cB _n1 |
||
| 999 |
_c22260 _d22260 |
||